Biblioteca y Centro de Documentación

Siria (Registro nro. 45840)

Detalles MARC
000 -CABECERA
Longitud fija campo de control 01108nam a2200313 c 4500
001 - NÚMERO DE CONTROL
Número de control 45840
003 - IDENTIFICADOR DE NÚMERO DE CONTROL
Identificador del número de control ES-MaCES
005 - FECHA Y HORA DE LA ÚLTIMA TRANSACCIÓN
Fecha y hora de la última transacción 20200226040015.0
008 - CAMPO FIJO DE DESCRIPCIÓN FIJA--INFORMACIÓN GENERAL
Códigos de información de longitud fija   150313s2014 sp ||| | spa d
017 ## - NÚMERO DE REGISTRO DE DERECHOS DE AUTOR Y DEPÓSITO LEGAL
Número de copyright o de depósito legal M 21432-2009
Agencia que asigna el número DL
040 ## - FUENTE DE CATALOGACIÓN
Centro catalogador de origen ES-MaCES
Lengua de catalogación spa
Centro transcriptor ES-MaCES
245 00 - MENCIÓN DE TÍTULO
Título Siria
Resto del título : esperanzas defraudadas
Mención de responsabilidad, etc. [con la col. de los autores, Ignacion Álvarez Ossorio ... et al.]
260 ## - PUBLICACIÓN, DISTRIBUCIÓN, ETC (PIE DE IMPRENTA)
Lugar de publicación, distribución, etc. Madrid
Nombre del editor, distribuidor, etc. Confederación Sindical de Comisiones Obreras
Fecha de publicación, distribución, etc. [2014]
300 ## - DESCRIPCIÓN FÍSICA
Extensión 87 p.
Dimensiones 24 cm
490 1# - MENCIÓN DE SERIE
Mención de serie Cuadernos de información sindical
Designación de volumen o secuencia 44-2014
541 ## - NOTA DE LA FUENTE INMEDIANTE DE ADQUISICIÓN
Forma de adquisición Gratuito
650 #4 - ASIENTO SECUNDARIO DE MATERIA--TÉRMINO DE MATERIA
Término de materia o nombre geográfico como elemento inicial guerra civil
9 (RLIN) 26697
650 #4 - ASIENTO SECUNDARIO DE MATERIA--TÉRMINO DE MATERIA
Término de materia o nombre geográfico como elemento inicial conflicto armado
9 (RLIN) 30364
650 #4 - ASIENTO SECUNDARIO DE MATERIA--TÉRMINO DE MATERIA
Término de materia o nombre geográfico como elemento inicial régimen político
9 (RLIN) 27201
650 #4 - ASIENTO SECUNDARIO DE MATERIA--TÉRMINO DE MATERIA
Término de materia o nombre geográfico como elemento inicial condiciones económicas
9 (RLIN) 27081
650 #4 - ASIENTO SECUNDARIO DE MATERIA--TÉRMINO DE MATERIA
Término de materia o nombre geográfico como elemento inicial condiciones de vida
9 (RLIN) 27111
650 #4 - ASIENTO SECUNDARIO DE MATERIA--TÉRMINO DE MATERIA
Término de materia o nombre geográfico como elemento inicial República Arabe Siria
9 (RLIN) 26988
653 10 - TÉRMINO DE INDEXACIÓN--NO CONTROLADO
Término no controlado Administración-Instituciones públicas
700 1# - ENCABEZAMIENTO SECUNDARIO--NOMBRE PERSONAL
9 (RLIN) 35208
Nombre de persona Álvarez Ossorio, Ignacio
Término indicativo de función col.
710 2# - ENCABEZAMIENTO SECUNDARIO--NOMBRE CORPORATIVO
Nombre de entidad o nombre de jurisdicción como elemento inicial Comisiones Obreras
Término indicativo de función ed.
9 (RLIN) 2105
830 #0 - ENCABEZAMIENTO SECUNDARIO DE COLECCIÓN--TÍTULO UNIFORME
Título uniforme Cuadernos de información sindical
Designación de volumen o secuencia 44-2014
9 (RLIN) 32326
902 ## - CES. TIPO DE DOCUMENTO
Tipodoc (006$c Sirtex) DOC Literatura gris
942 ## - ELEMENTOS KOHA
Fuente de clasificaión o esquema Clasificación propia del CES
Koha [por defecto] tipo de item Monografías
Parte de clasificación Ciencias Sociales Politicas Empresariale
Existencias
Número de registro Signatura completa Tipo de item de Koha
085677 DOC-7.0.-151 Monografías
© CES, Consejo Económico y Social de España 2021